| 000 | 00824nam a2200241 4500 | ||
|---|---|---|---|
| 001 | 173037 | ||
| 003 | ES-MaACL | ||
| 005 | 20230906215119.0 | ||
| 008 | 091016q1872 fr 001 p fre d | ||
| 080 | _a821.133.1-14"18" | ||
| 100 | 1 |
_aSully Prudhomme. _9108764 |
|
| 245 | 1 | 0 |
_aOeuvres de Sully Prudhomme : _bpoésies 1865-1866 : stances & poèmes. |
| 260 |
_aParis : _bAlphonse Lemerre, _c[ca. 1872] |
||
| 300 |
_a323 p. : _b[1] h. de lám. ; _c16 cm. |
||
| 490 | 1 | _aPetite bibliothèque littéraire | |
| 500 | _aÍndice. | ||
| 595 | _aEn contracub.: Éd. elzévirienne. | ||
| 599 | _aRetr. del autor grab. por Rajon. | ||
| 740 | 0 | 2 | _aStances et poèmes. |
| 830 | 1 |
_aPetite bibliothèque littéraire _9221781 |
|
| 852 | 4 |
_aES-MaACL _jE-13028 _z- Biblioteca Jacinto Martínez Lacalle |
|
| 999 |
_c173037 _d173037 |
||